The japanese shipbuilding industry : Prospects and interim policies
Gardado en:
| Formato: | Libro |
|---|---|
| Idioma: | Undetermined |
| Publicado: |
Tokyo
International Business Information Incorporated
1976
|
| Những chủ đề: | |
| Các nhãn: |
Engadir etiqueta
Sen Etiquetas, Sexa o primeiro en etiquetar este rexistro!
|
| Thư viện lưu trữ: | Trung tâm Học liệu Trường Đại học Cần Thơ |
|---|
| LEADER | 00572nam a2200193Ia 4500 | ||
|---|---|---|---|
| 001 | CTU_96692 | ||
| 008 | 210402s9999 xx 000 0 und d | ||
| 082 | |a 338.476 | ||
| 082 | |b J35 | ||
| 245 | 4 | |a The japanese shipbuilding industry : | |
| 245 | 0 | |b Prospects and interim policies | |
| 245 | 0 | |c International Business Information Incorporated | |
| 260 | |a Tokyo | ||
| 260 | |b International Business Information Incorporated | ||
| 260 | |c 1976 | ||
| 650 | |a Shipbuilding | ||
| 650 | |z Japan | ||
| 904 | |i Giang | ||
| 980 | |a Trung tâm Học liệu Trường Đại học Cần Thơ | ||